Sports Quiz

Random Sports or Tennis Quiz

Which Tennis Player? Quiz Stats

 Plays Quiz Updated Jul 11, 2019

Score 0/20 Timer 04:00
22 Plays Today
Question Answer Wrong Answers
Which player is Roger Federer? Roger Federer
97.6%
Gaël Monfils
0.3%
Roy Emerson
0.4%
Which player is Serena Williams? Serena Williams
97.3%
Madison Keys
0.7%
Arantxa Sánchez Vicario
0.3%
Which player is Rafael Nadal? Rafael Nadal
95.5%
Jo-Wilfried Tsonga
0.6%
Milos Raonic
2.2%
Which player is Andre Agassi? Andre Agassi
94.2%
Jim Courier
1.4%
Stefan Edberg
2.6%
Which player is Novak Đoković? Novak Đoković
93.9%
Robin Söderling
1.3%
Marin Čilić
3%
Which player is Maria Sharapova? Maria Sharapova
93.9%
Victoria Azarenka
1.6%
Petra Kvitová
2.7%
Which player is Andy Murray? Andy Murray
93.7%
Marat Safin
2.9%
Juan Martín del Potro
1.6%
Which player is Boris Becker? Boris Becker
92.4%
Andy Roddick
2.5%
Leyton Hewitt
3.3%
Which player is Björn Borg? Björn Borg
92.3%
John McEnroe
2.8%
Jimmy Connors
3.2%
Which player is Pete Sampras? Pete Sampras
88.2%
Ivan Lendl
4.8%
Mats Willander
5.2%
Which player is Billie Jean King? Billie Jean King
87.6%
Margaret Court
5.5%
Martina Navratilova
5.2%
Which player is Sloane Stephens? Sloane Stephens
83.5%
Francesca Schiavone
11.5%
Venus Williams
3.3%
Which player is Chris Evert? Chris Evert
82.9%
Martina Hingis
9.4%
Monica Seles
5.9%
Which player is Caroline Wozniacki? Caroline Wozniacki
82.2%
Simona Halep
11.8%
Li Na
4.2%
Which player is Steffi Graf? Steffi Graf
81%
Hana Mandlíková
9.7%
Jennifer Capriati
7.6%
Which player is Guillermo Vilas? Guillermo Vilas
79.5%
Stan Wawrinka
7.9%
Rod Laver
10.6%
Which player is Arthur Ashe? Arthur Ashe
79%
Ilie Năstase
13.6%
Yannick Noah
5.6%
Which player is Tracy Austin? Tracy Austin
78.6%
CoCo Vandeweghe
11%
Amélie Mauresmo
8.5%
Which player is Lindsay Davenport? Lindsay Davenport
77.1%
Garbiñe Muguruza
10.5%
Angelique Kerber
10.6%
Which player is Justine Henin? Justine Henin
66.6%
Kim Clijsters
17%
Eugenie Bouchard
14.5%

You're not logged in!

Compare scores with friends on all Sporcle quizzes.
OR
Log In

Sporcle TV

Today on Sporcle TV


Watch our educational content, quiz creation guides, and fun videos on Sporcle TV.

Show Comments

Extras

Top Quizzes Today


Score Distribution

Your Account Isn't Verified!

In order to create a playlist on Sporcle, you need to verify the email address you used during registration. Go to your Sporcle Settings to finish the process.

Report this User

Report this user for behavior that violates our Community Guidelines.

Details: